000 00225nam a22001097a 4500
020 _a9781472385260
082 _a813.6
_bDIS
245 _aTangled
260 _aUK:
_bParragon books,
_c2017.
563 _aHB
942 _2ddc
_cBK
999 _c614875
_d614875